A magyar turizmusfejlesztés fenntarthatósági megközelítései és gyakorlati megvalósulása

Bibliográfiai részletek
Szerző: Szűcs László Dávid
További közreműködők: Marosán Dr. Bence Péter
Nikoletta Nemes
Dokumentumtípus: Diplomadolgozat
Kulcsszavak:falusi turizmus
fenntarthatóság
gazdasági stratégia
ökoturizmus
projektelemzés
turizmusfejlesztés
Online Access:http://dolgozattar.uni-bge.hu/59195

MARC

LEADER 00000nta a2200000 i 4500
001 dolg59195
005 20251027143126.0
008 251027suuuu hu om 000 hun d
040 |a BGE Dolgozattár Repozitórium  |b hun 
041 |a hu 
100 1 |a Szűcs László Dávid 
245 1 2 |a A magyar turizmusfejlesztés fenntarthatósági megközelítései és gyakorlati megvalósulása  |c Szűcs László Dávid  |h [elektronikus dokumentum] 
520 3 |a A dolgozatom célja a magyar turizmusfejlesztési stratégiai dokumentumok fenntarthatósági megközelítésének feltárása, valamint ezen gyakorlati elvek érvényesülésének vizsgálata két esettanulmányon keresztül, melyek a Körösök Völgye Natúrpark fejlesztései, valamint a Dél-Balatoni Vízi Kör projekt. A témám relevanciáját a turizmus hazai szerepe és nemzetközi célkitűzései adják. Ezen fejlesztések megvalósítása során kulcsfontosságú figyelmet érdemel a fenntarthatóság nem csak gazdasági, de környezeti és kulturális aspektusa is.A kutatás kvalitatív, dokumentumelemzésen alapuló módszerrel valósult meg. Az adatgyűjtés során három országos turisztikai fejlesztési stratégiát, a Turizmus 2.0, a Nemzeti Aktív Turizmusfejlesztési Stratégiája, valamint az Országos Ökoturisztikai Fejlesztésja Stratégiát, illetve az említett esettanulmányok fejlesztési stratégiái, projektfejlesztési adatai, hivatalos beszámolói szolgáltak elsődleges forrásként. Első kettő a közelmúltban módosításra kerültek, a COVID-19 világjárvány okozta gazdasági hatásokat figyelembe véve, míg az utóbbi olyan ökoturisztikai alapvetéseket tartalmaz, melyek a mai napig meghatározó jellegűek. Az elemzés tematikus kódolással történt: a fenntarthatóság gazdasági, környezeti és kulturális aspektusait, a monitoringmechanizmusok megjelenését vizsgáltam.A kutatás főbb kérdései:1.Milyen szerepet kap a fenntarthatóság kulturális és környezeti aspektusa a gazdasági célok mellett a magyar turizmusfejlesztési stratégiákban?2.A térségi fejlesztési stratégiák gyakorlata mennyiben illeszkedik az országos turisztikai stratégiákhoz?3.Hogyan valósul meg a turisztikai desztinációk közötti együttműködés és koordináció az aktív- és ökoturisztikai fejlesztések keretében, és ez milyen hatással van a projektek eredményességére?A vizsgálat során arra jutottam, hogy bár a stratégiák célkitűzései párhuzamosak, a fenntarthatóság kulturális és környezeti szempontja inkább eszközként jelenik meg, mint külön irány. A közelmúltban történt revíziók arra engednek következtetni, hogy ennek az oka a világjárvány okozta lezárásokkal járó ágazat-specifikus visszaesés. A két esettanulmány esetében megállapítható, hogy a fejlesztések jól illeszkednek a stratégiákba, azonban azok jellemzően a közösség kis mértékű bevonásával, vagy teljeskörű hiányával történik. A monitoringrendszerek biztosítják a megfelelő hosszú távú fenntarthatóságot. A legnagyobbprobléma a személyes tapasztalatom szerint az elhaló, elnéptelenedő települések digitális analfabetizmusa. Ez megfelelő oktatási programokkal orvosolható. 
695 |a falusi turizmus 
695 |a fenntarthatóság 
695 |a gazdasági stratégia 
695 |a ökoturizmus 
695 |a projektelemzés 
695 |a turizmusfejlesztés 
700 1 |a Marosán Dr. Bence Péter  |e ths 
700 1 |a Nikoletta Nemes  |e ths 
856 4 0 |u http://dolgozattar.uni-bge.hu/59195/1/Szakdolgozat%20ZUOSU3.pdf  |z Dokumentum-elérés 
856 4 0 |u http://dolgozattar.uni-bge.hu/59195/2/Absztrakt%20ZUOSU3.pdf  |z Dokumentum-elérés 
856 4 0 |u http://dolgozattar.uni-bge.hu/59195/3/B%C3%ADr%C3%A1lat-Sz%C5%B1cs%20L%C3%A1szl%C3%B3%20D%C3%A1vid-Maros%C3%A1n-2025.pdf  |z Dokumentum-elérés 
856 4 0 |u http://dolgozattar.uni-bge.hu/59195/4/Ertekeles_SzucsLaszloDavid_NN.pdf  |z Dokumentum-elérés